Astroneer Planets - Statistics

General Stats
  • This quiz has been taken 93 times
  • The average score is 5 of 7
Answer Stats
Difficulty Primary and Secondary Resources Type Planet % Correct
Very Hard None Radiated Atrox
90%
Hard Titanite, Hematite Tundra Glacio
83%
Easy Wolframite, Sphalerite Terran Moon Desolo
79%
Medium Malachite, Wolframite Arid Calidor
76%
Easy Sphalerite, Malachite Terran Sylva
75%
Medium Hematite, Lithium Exotic Moon Novus
70%
Medium Lithium, Titanite Exotic Vesania
63%
No matching quizzes found
Score Distribution
Percent of People with Each Score
Percentile by Number Answered
Your Score History
You have not taken this quiz